| 000 | 00613nam a2200193Ia 4500 | ||
|---|---|---|---|
| 003 | IN-BaIIA | ||
| 008 | 211028s9999 xx 000 0 eng d | ||
| 020 | _a81-85026-83-1 | ||
| 040 | _cIIA Library | ||
| 080 |
_a582.4(540) _bKOT |
||
| 100 |
_aKothari, Ashok S. _931569 |
||
| 245 | 2 |
_aA celebration of Indian trees _cAshok S. Kothari |
|
| 260 |
_aMumbai _bNational Society of the friends of the trees in association _c2007 |
||
| 300 | _a196p. | ||
| 650 |
_aIndian cork trees _931570 |
||
| 650 |
_aKinds of trees _931571 |
||
| 650 |
_aSilver oak _931572 |
||
| 942 | _cBK | ||
| 999 |
_c16904 _d16904 |
||